| 000 | 00740nam a22002177a 4500 | ||
|---|---|---|---|
| 005 | 2010081400010.0 | ||
| 010 | _aENG-100257 | ||
| 020 | _c130.00 | ||
| 035 | _aEN-83789 | ||
| 037 | _bDBAD/PUB | ||
| 082 | _a342.4206 | ||
| 100 |
_aKautilya _913362 |
||
| 245 |
_aAdministrative law / _cby Kautilya |
||
| 260 |
_aMumbai _bEducational & Law Publishers _c2008 |
||
| 270 |
_a146-C, Shamaldas Gandhi Marg _bNew Delhi _e400002 |
||
| 300 |
_a187p. _c23cm (pbk) |
||
| 650 |
_aPublic Administartion _913363 |
||
| 650 |
_aAdministration Law _913364 |
||
| 942 |
_2ddc _cEN _h342.4206 _mKAU |
||
| 999 |
_c41896 _d41896 |
||